00650nam a2200193Ia 450000500170000000800460001702000180006303700120008104000210009304100130011408400190012724500540014626000900020030000100029065000140030094200190031499900210033395201020035420250508162628.0008 250505s9999 xx 000 0 eng d a92-3-102152-4 aTextual aFEDL bengcFEDL aeng2eng a370, UNEqFEDL 0aRefections on the future development of education aParis, FrancebUnited Nations Educational, Scientific and Cultural Organizationc1985 a291p. aEducation cTEXLh370, UNE c1377723d1377723 00104070aFEDLbFEDLd2025-05-08l0o370, UNEpEL0070235r2025-05-08 16:26:28w2025-05-08yTEXL